00870nam a2200265 a 450000100060000000300080000600500170001400800410003102000130007203500190008504000270010404100080013108200270013910000430016624501210020926000490033030000270037950400300040665000200043665100260045665100350048270000270051770000180054471000420056265028BD-RjUL20211209081359.0170226s1981 bg b f000 0 eng  cTk123.22 a(BD-RjUL)65158 aDLCcDLCdBD-RjULbeng aeng00a382.9154223bRAC 19801 aRahamāna, Mohāmmada Ākhlākura.12aA customs union in South Asia :bprospects and problems /cby M. Akhlaqur Rahman, Ayubur Rahman Bhuyan, Sadrel Reza. aDacca :bB[angladesh] G[ovt.] P[ress],c1980 aviii, 127 p. ;c26 cm. aBibliography: p. 125-127. 0aCustoms Unions. 0aSouth AsiaxCommerce. 0aSouth AsiaxCommercial policy.1 aBhuyan, Ayubur Rahman.1 aReza, Sadrel.1 aBangladesh.bBahiḥ Sampada Bibhaga.